Alex Katz (Record no. 12122)

MARC details
000 - LÍDER
campo de control de longitud fija 01235nam a2200229Ia 4500
008 - ELEMENTOS DE DATOS DE LONGITUD FIJA - INFORMACIÓN GENERAL
campo de control de longitud fija 0000002010 bl ad 0000000000mul00
090 ## - NÚMERO DE LLAMADA DE TIPO LC LOCALMENTE ASIGNADO (OCLC)
Número de clasificación (OCLC) (R) PUS00 A42a
245 10 - TÍTULO DECLARACIÓN
Título Alex Katz
Declaración de responsabilidad / Vincent Katz [poems] ; curadoria Vivien Bittencourt ; traducao Regina Alfarano ; fotos Paul Takeuchi
260 ## - PUBLICACIÓN, DISTRIBUCIÓN
Lugar de publicación Sao Paulo : Luciana Brito Galeria
Fecha de publicación 2010
300 ## - DESCRIPCIÓN FÍSICA
Alcance [56] p.
Dimensiones / 26 cm.
500 ## - NOTA GENERAL
Nota general Exposición realizada en Luciana Brito Galeria, mayo junio, 2010 \ Incluye cronología del artista \ Texto bilingue: portugués inglés \ Proyecto Ganador Programa Apoyos Concertados FGAA 2010
501 ## - Con nota
Con nota Ousadia We recuperated = Nos recuperamos Suco integral Monophony = Monofonia The regatttas at SainteAdresse = As regatas em Sainte Adresse Rua Beach = Praia A final poem = Poems final EXpanse = Vastidáo Por do sol Garden = Jardim
600 00 - ENTRADA DE SUJETO AÑADIDO - NOMBRE PERSONAL
Nombre de la persona KATS, ALEX, 1927/
Subdivisión general TRABAJOS PICTORICOS
650 14 - ENTRADA DE SUJETO AÑADIDO - TÉRMINO TÓPICO
Término tópico o elemento de entrada del nombre geográfico ARTE CONTEMPORANEO ESTADOUNIDENSE
650 14 - ENTRADA DE SUJETO AÑADIDO - TÉRMINO TÓPICO
Término tópico o elemento de entrada del nombre geográfico ARTISTAS PLASTICOS ESTADOUNIDENSES
650 14 - ENTRADA DE SUJETO AÑADIDO - TÉRMINO TÓPICO
Subdivisión general CATALOGOS
650 14 - ENTRADA DE SUJETO AÑADIDO - TÉRMINO TÓPICO
Subdivisión general EXPOSICIONES
650 14 - ENTRADA DE SUJETO AÑADIDO - TÉRMINO TÓPICO
Término tópico o elemento de entrada del nombre geográfico PINTORES ESTADOUNIDENSES
650 14 - ENTRADA DE SUJETO AÑADIDO - TÉRMINO TÓPICO
Término tópico o elemento de entrada del nombre geográfico PINTURA ESTADOUNIDENSE
650 14 - ENTRADA DE SUJETO AÑADIDO - TÉRMINO TÓPICO
Término tópico o elemento de entrada del nombre geográfico SERIGRAFIA
700 1# - ENTRADA AGREGADA - NOMBRE PERSONAL
Nombre de la persona Bittencourt, Vivien \ Alfarano, Regina \ Takeuchi, Raul
Holdings
Estado de retirada Pérdida de estatus Estado dañado No para préstamo Código de recogida Ubicación permanente Ubicación actual Ubicación de las estanterías Fecha de adquisición Número de llamada completo Código de barras Fecha de la última vez que se vio Número de copia Precio efectivo desde Tipo de artículo Koha
        General ArtNexus ArtNexus General 06/09/2022 P-US-00 A42A 12245 06/09/2022 Ej.1 06/09/2022 Libro

Powered by Koha